The End of Socialism / (Record no. 22858)
[ view plain ]
| 000 -LEADER | |
|---|---|
| fixed length control field | 01289cam a22002535a 4500 |
| 001 - CONTROL NUMBER | |
| control field | 18127934 |
| 005 - DATE AND TIME OF LATEST TRANSACTION | |
| control field | 20161025140924.0 |
| 008 - FIXED-LENGTH DATA ELEMENTS--GENERAL INFORMATION | |
| fixed length control field | 140425s2014 nyu frb f001 0 eng d |
| 020 ## - INTERNATIONAL STANDARD BOOK NUMBER | |
| International Standard Book Number | 9781107605961 |
| 040 ## - CATALOGING SOURCE | |
| Original cataloging agency | DLC |
| Language of cataloging | eng |
| Transcribing agency | DLC |
| Modifying agency | DLC |
| -- | EG-ScBUE |
| 082 04 - DEWEY DECIMAL CLASSIFICATION NUMBER | |
| Classification number | 335 |
| Edition number | 22 |
| Item number | OTT |
| 100 1# - MAIN ENTRY--PERSONAL NAME | |
| Personal name | Otteson, James R. |
| 245 14 - TITLE STATEMENT | |
| Title | The End of Socialism / |
| Statement of responsibility, etc | James R. Otteson. |
| 260 ## - PUBLICATION, DISTRIBUTION, ETC. (IMPRINT) | |
| Place of publication, distribution, etc | New York : |
| Name of publisher, distributor, etc | Cambridge University Press, |
| Date of publication, distribution, etc | 2014. |
| 300 ## - PHYSICAL DESCRIPTION | |
| Extent | xiv, 224 p. ; |
| Dimensions | 24 cm |
| 500 ## - GENERAL NOTE | |
| General note | Index : p. 221-224. |
| 504 ## - BIBLIOGRAPHY, ETC. NOTE | |
| Bibliography, etc | Bibliography : p. 209-219. |
| 505 8# - FORMATTED CONTENTS NOTE | |
| Formatted contents note | Machine generated contents note: 1. What socialism and capitalism are; Part I. Socialism's Problems in Practice: 2. Knowledge and planning; 3. Knowledge: value, equality, and experts; 4. Knowledge and community; 5. The day-two problem; Part II. Socialism's Problems in Principle: 6. Economics and morality; 7. Respect and individuality; 8. Socialism's great mistake; 9. Prosperity; 10. Equality and freedom; 11. Fairness; Conclusion. Grapes sweet and sour. |
| 520 ## - SUMMARY, ETC. | |
| Summary, etc | "The End of Socialism explores the exact nature of the practical difficulties socialism faces and examines how its moral ideals can guide policy"-- |
| 650 #7 - SUBJECT ADDED ENTRY--TOPICAL TERM | |
| Topical term or geographic name as entry element | Socialism. |
| Source of heading or term | BUEsh |
| 9 (RLIN) | 10837 |
| 651 ## - SUBJECT ADDED ENTRY--GEOGRAPHIC NAME | |
| Source of heading or term | BUEsh |
| 653 ## - INDEX TERM--UNCONTROLLED | |
| Resource For college | BAEPS, Political Science |
| Arrived date list | October2016 |
| 942 ## - ADDED ENTRY ELEMENTS (KOHA) | |
| Source of classification or shelving scheme | Dewey Decimal Classification |
| Withdrawn status | Item status | Source of classification or shelving scheme | Damaged status | Not for loan | Vendor | Home library | Current library | Shelving location | Date acquired | Source of acquisition | Cost, normal purchase price | Serial Enumeration / chronology | Total Checkouts | Full call number | Barcode | Date last seen | Cost, replacement price | Koha item type |
|---|---|---|---|---|---|---|---|---|---|---|---|---|---|---|---|---|---|---|
| Dewey Decimal Classification | Baccah | Central Library | Central Library | First floor | 25/10/2016 | Purchase | 513.00 | 3634 | 335 OTT | 000034557 | 15/07/2025 | 641.25 | Book - Borrowing |